Physical Education and sports in elementary schools/ (Record no. 34595)

000 -LEADER
fixed length control field 00468nam a22001691a 4500
020 ## - INTERNATIONAL STANDARD BOOK NUMBER
ISBN 9788126105090
082 ## - DEWEY DECIMAL CLASSIFICATION NUMBER
Classification number 796.071
Item number SAT/P
245 ## - TITLE STATEMENT
Title Physical Education and sports in elementary schools/
Statement of responsibility, etc by Satish Sonkar (ed.)
260 ## - PUBLICATION, DISTRIBUTION, ETC. (IMPRINT)
Place of publication New Delhi:
Name of publisher Anmol,
Year of publication 2000.
300 ## - PHYSICAL DESCRIPTION
Number of Pages 334p.
650 ## - SUBJECT ADDED ENTRY--TOPICAL TERM
Topical Term Elementary education Physical education
650 ## - SUBJECT ADDED ENTRY--TOPICAL TERM
Topical Term Physical Education
650 ## - SUBJECT ADDED ENTRY--TOPICAL TERM
Topical Term Education
650 ## - SUBJECT ADDED ENTRY--TOPICAL TERM
Topical Term Sports
700 ## - ADDED ENTRY--PERSONAL NAME
Personal name Satish Sonkar (ed.)
942 ## - ADDED ENTRY ELEMENTS (KOHA)
Koha item type Book
Holdings
Withdrawn status Lost status Damaged status Not for loan Permanent Location Current Location Date acquired Cost, normal purchase price Full call number Accession Number Cost, replacement price Price effective from Koha item type
        Sree Sankaracharya University of Sanskrit Sree Sankaracharya University of Sanskrit 08.01.2015 700.00 796.071 SAT/P 033608 0.00 08.01.2015 Book